000 01007cam a22002651 4500
001 gs 65000373
003 DLC
005 20260227111417.0
008 780712s1965 dcuab b f000 0 eng
010 _ags 65000373
035 _a(OCoLC)4047487
040 _aDLC
_cOClU
_dOCoLC
_dDLC
042 _apremarc
050 0 0 _aQE75
_b.B9 no. 1175
100 1 _aGilluly, James,
_d1896-1980.
245 1 0 _aGeology of the Cortez quadrangle, Nevada,
_cby James Gilluly and Harold Masursky. With a section on Gravity and aeromagnetic surveys, by Don R. Mabey.
260 _aWashington,
_bU.S. Govt. Print. Off.,
_c1965.
300 _av, 117 p.
_billus., maps (3 fold., 2 col. in pocket)
_c24 cm.
410 2 0 _aGeological Survey (U.S.).
_tBulletin,
_v1175
500 _a"Prepared in cooperation with the Nevada State Bureau of Mines."
504 _aBibliography: p. 111-113.
650 0 _aGeology
_zNevada
_zCortez Region.
700 1 _aMasursky, Harold,
_d1922-
_ejoint author.
710 2 _aNevada Bureau of Mines.
999 _c30115
_d30115